| 000 | 00792nam a2200253Ia 4500 | ||
|---|---|---|---|
| 003 | IT-RoPAU | ||
| 008 | 120407s9999 xx 000 0 und d | ||
| 040 | _aIT-RoPAU | ||
| 040 | _cIT-RoPAU | ||
| 041 | _aita | ||
| 100 | _aAugustinus Aurelius | ||
| 100 | _csanctus | ||
| 245 | _aCommento al Vangelo di San Giovanni. | ||
| 250 | _aGrottaferrata (Roma) | ||
| 260 | _aCittà Nuova | ||
| 260 | _c1968 | ||
| 300 | _b1889 | ||
| 300 | _c23.5 cm | ||
| 490 | _aNuova biblioteca agostiniana | ||
| 490 | _v1 | ||
| 600 | _aTesto latino dall’ed. maurina ripresa dal Corpus christianorum, intro e indici a cura di Agostino Vita, trad. e note di Emilio Gandolfo, rev. di Vincenzo Tarulli. Testo latino dall’edizione maurina, intro. e trad. di Giulio Madurini | ||
| 942 | _cBK | ||
| 999 |
_c88 _d88 |
||